Statistieken voor Gemeenten van Zuid-Holland

Klik hier om de quiz te nemen!

Algemene statistieken

  • Deze quiz is 59 keer genomen
  • De gemiddelde score is 24 of 58

Antwoordstatistieken

Antwoord% Correct
Rotterdam
100%
Delft
92%
Gouda
92%
Dordrecht
83%
Leiden
83%
Schiedam
75%
Katwijk
75%
Zoetermeer
75%
Hellevoetsluis
75%
Vlaardingen
67%
Wassenaar
67%
Gorinchem
58%
Alphen aan den Rijn
58%
's-Gravenhage
58%
Lisse
58%
Waddinxveen
50%
Ridderkerk
50%
Noordwijk
50%
Maassluis
50%
Alblasserdam
50%
Zwijndrecht
50%
Barendrecht
50%
Capelle aan den IJssel
50%
Nieuwkoop
42%
Zuidplas
42%
Sliedrecht
42%
Rijswijk
42%
Zoeterwoude
33%
Bodegraven-Reeuwijk
33%
Brielle
33%
Hillegom
33%
Oegstgeest
33%
Goeree-Overflakkee
33%
Papendrecht
33%
Hendrik-Ido-Ambacht
33%
Westland
25%
Krimpen aan den IJssel
25%
Midden-Delfland
25%
Lansingerland
25%
Hardinxveld-Giessendam
25%
Pijnacker-Nootdorp
25%
Voorschoten
25%
Albrandswaard
25%
Leiderdorp
25%
Krimpenerwaard
17%
Teylingen
17%
Nissewaard
17%
Leidschendam-Voorburg
17%
Westvoorne
17%
Giessenlanden
17%
Oud-Beijerland
17%
Noordwijkerhout
17%
Korendijk
17%
Strijen
8%
Binnenmaas
8%
Kaag en Braassem
8%
Molenwaard
0%
Cromstrijen
0%

Scoreverdeling

Percentiel versus Aantal Correcte Antwoorden

Procent van Mensen met Elke Score

Uw Scoregeschiedenis

U heeft deze quiz nog niet genomen